000
00333nam a2200133Ia 4500
008
231129s1984||||xx |||||||||||||| ||spa||
040
_b
spa
082
_a
Co861 R667m
100
_a
Robledo Ortíz Jorge 1922-1990
245
0
_a
Mi antología
260
_c
1984
264
_a
Medellín Colombia : Letras
942
_2
ddc
_c
BKS
999
_c
21090
_d
21090